Derecho y valores : (Registro nro. 6893)

Detalles MARC
000 -LEADER
fixed length control field 01090cam a2200301 a 4500
003 - CONTROL NUMBER IDENTIFIER
control field OSt
005 - DATE AND TIME OF LATEST TRANSACTION
control field 20200930142448.0
008 - FIXED-LENGTH DATA ELEMENTS--GENERAL INFORMATION
fixed length control field 991126s1999 ck r 000 0 spa d
020 ## - INTERNATIONAL STANDARD BOOK NUMBER
International Standard Book Number 9589442536
040 ## - CATALOGING SOURCE
Original cataloging agency CO-BoPUJ
Transcribing agency CO-JMCR
041 0# - LANGUAGE CODE
Language code of text/sound track or separate title spa
082 04 - DEWEY DECIMAL CLASSIFICATION NUMBER
Classification number 340.11 /
Item number V868d
Edition number 23
100 1# - MAIN ENTRY--PERSONAL NAME
Personal name Vélez García, Jorge,
Relator term autor
9 (RLIN) 3046
245 10 - TITLE STATEMENT
Title Derecho y valores :
Remainder of title introducción a la ética de la praxis jurídica /
Statement of responsibility, etc. Jorge Vélez García
250 ## - EDITION STATEMENT
Edition statement Primera edición
260 ## - PUBLICATION, DISTRIBUTION, ETC.
Place of publication, distribution, etc. Bogotá :
Name of publisher, distributor, etc. Universidad Sergio Arboleda,
Date of publication, distribution, etc. 1999.
300 ## - PHYSICAL DESCRIPTION
Extent xxi, 436 páginas ;
Dimensions 23 cm.
490 ## - SERIES STATEMENT
Series statement Serie major ;
Volume/sequential designation 19
504 ## - BIBLIOGRAPHY, ETC. NOTE
Bibliography, etc. note Incluye referencias bibliográficas :Páginas 427-436.
505 0# - FORMATTED CONTENTS NOTE
Formatted contents note De la teoría deontológica. -- De la ética de praxis jurídica
590 ## - LOCAL NOTE (RLIN)
Local note Ejemplar uno con dedicatoria y autografiado por el autor.
650 24 - SUBJECT ADDED ENTRY--TOPICAL TERM
Topical term or geographic name entry element Filosofía del derecho
9 (RLIN) 7925
650 24 - SUBJECT ADDED ENTRY--TOPICAL TERM
Topical term or geographic name entry element Valores (Filosofía)
9 (RLIN) 7926
650 24 - SUBJECT ADDED ENTRY--TOPICAL TERM
Topical term or geographic name entry element Ética legal
9 (RLIN) 11032
650 24 - SUBJECT ADDED ENTRY--TOPICAL TERM
Topical term or geographic name entry element Abogados
General subdivision Ética profesional
9 (RLIN) 11033
710 2# - ADDED ENTRY--CORPORATE NAME
Corporate name or jurisdiction name as entry element Universidad Sergio Arboleda
9 (RLIN) 951
942 ## - ADDED ENTRY ELEMENTS (KOHA)
Source of classification or shelving scheme Dewey Decimal Classification
Koha item type Books
Existencias
Withdrawn status Lost status Source of classification or shelving scheme Damaged status Not for loan Home library Current library Shelving location Date acquired Source of acquisition Total Checkouts Full call number Barcode Date last seen Copy number Price effective from Koha item type
    Dewey Decimal Classification     Biblioteca Pública José María del Castillo y Rada Biblioteca Pública José María del Castillo y Rada General Stacks 04/15/2018 Donación   340.11 / V868d 201810101 05/16/2024 Ej.1 04/15/2018 Books